[Event "Niedersachsen-ch Seniors"]
[Site "Lehrte"]
[Date "2019.07.26"]
[Round "7"]
[White "Altmann, Robert"]
[Black "Mueller, Bernd"]
[Result "1-0"]
[WhiteElo "1721"]
[BlackElo "1094"]
[PlyCount "31"]
[EventDate "2019.07.20"]
[EventType "swiss"]
[EventRounds "7"]
[EventCountry "GER"]
[SourceTitle "EXT 2023"]
[Source "ChessBase"]
[SourceDate "2022.10.05"]
[SourceVersion "1"]
[SourceVersionDate "2022.10.05"]
[SourceQuality "1"]

1. c4 b6 2. d4 e6 3. Nc3 Nf6 4. Bg5 h6 5. Bh4 Bb4 6. Qd3 Bb7 7. f3 Ba6 8. e4 0-0 9. e5 g5 10. Bf2 Nh7 11. a3 Be7 12. Qe4 c6 13. Bd3 f5 14. exf6 Nxf6 15. Qg6+ Kh8 16. Qxh6+ 1-0

[Event "Hannover-chB"]
[Site "Lehrte"]
[Date "2015.10.30"]
[Round "4"]
[White "Pubantz, Richard"]
[Black "Altmann, Robert"]
[Result "1-0"]
[WhiteElo "1595"]
[BlackElo "1833"]
[PlyCount "73"]
[EventDate "2015.10.29"]
[EventType "swiss"]
[EventRounds "7"]
[EventCountry "GER"]
[SourceTitle "EXT 2021"]
[Source "ChessBase"]
[SourceDate "2020.10.23"]
[SourceVersion "1"]
[SourceVersionDate "2020.10.23"]
[SourceQuality "1"]

1. d4 f5 2. c4 Nf6 3. Nf3 d6 4. Nc3 e6 5. Qc2 Be7 6. e4 fxe4 7. Nxe4 Nbd7 8. Nc3 Nf8 9. Bd3 c6 10. h3 Qa5 11. Be3 Bd7 12. b4 Qh5 13. 0-0 e5 14. b5 Bxh3 15. gxh3 Qxf3 16. Kh2 Qh5 17. Be2 Qh4 18. Rg1 Ne6 19. dxe5 Nf4 20. Rg3 dxe5 21. Bf3 Rc8 22. Qf5 0-0 23. Qxe5 N4h5 24. Bxh5 Nxh5 25. Rg4 Qf6 26. Qxh5 Bd6+ 27. Kg1 Rce8 28. Bd4 Be5 29. Ne4 Bh2+ 30. Kxh2 Qxd4 31. Re1 Rxe4 32. Rexe4 Qxf2+ 33. Rg2 Qf6 34. Qe5 Qh6 35. Qe6+ Qxe6 36. Rxe6 cxb5 37. cxb5 1-0

[Event "Hannover-chB"]
[Site "Lehrte"]
[Date "2014.10.28"]
[Round "7"]
[White "Altmann, Robert"]
[Black "Sanasi, Marcello"]
[Result "1-0"]
[WhiteElo "1824"]
[BlackElo "1575"]
[PlyCount "84"]
[EventDate "2014.10.25"]
[EventType "tourn"]
[EventRounds "7"]
[EventCountry "GER"]
[SourceTitle "EXT 2021"]
[Source "ChessBase"]
[SourceDate "2020.10.23"]
[SourceVersion "1"]
[SourceVersionDate "2020.10.23"]
[SourceQuality "1"]

1. c4 Nf6 2. Nc3 g6 3. d4 Bg7 4. e4 d6 5. Be3 0-0 6. f3 e5 7. d5 a5 8. Bd3 Na6 9. Nge2 Nc5 10. Bc2 Ne8 11. g4 Bd7 12. Ng3 Bf6 13. Qd2 Bh4 14. 0-0-0 a4 15. Qf2 b6 16. Qe2 a3 17. b3 Ng7 18. Rdf1 c6 19. Qd2 Rb8 20. dxc6 Bxc6 21. b4 Nce6 22. b5 Bb7 23. Rd1 Qc7 24. Bb3 Rfd8 25. Qf2 Nc5 26. Kc2 Nge6 27. Qd2 Ra8 28. Nge2 Nxb3 29. axb3 Nc5 30. Ra1 Ra7 31. Ra2 Be7 32. h4 f6 33. Nd5 Bxd5 34. Qxd5+ Kg7 35. Nc3 Raa8 36. Rha1 Nb7 37. Rxa3 Na5 38. Ra4 Rdb8 39. Qd2 Bd8 40. Nd5 Qc8 41. Qf2 h6 42. Kb2 Qb7 1-0

[Event "Cuxhaven op 2nd"]
[Site "Cuxhaven"]
[Date "1992.04.11"]
[Round "1"]
[White "Altmann, Robert"]
[Black "Velikov, Petar"]
[Result "0-1"]
[WhiteElo "1900"]
[BlackElo "2445"]
[PlyCount "90"]
[EventDate "1992.04.11"]
[EventType "swiss"]
[EventRounds "9"]
[EventCountry "GER"]
[SourceTitle "EXT 2013"]
[Source "ChessBase"]
[SourceDate "2012.11.22"]
[SourceVersion "1"]
[SourceVersionDate "2012.11.22"]
[SourceQuality "1"]

1. e4 c5 2. Nf3 e6 3. d4 cxd4 4. Nxd4 a6 5. Be2 d6 6. c4 Nf6 7. Nc3 Be7 8. 0-0 0-0 9. Be3 b6 10. Rc1 Bb7 11. f3 Nbd7 12. Qd2 Qc7 13. Rfd1 Rac8 14. b3 Rfe8 15. Bf1 Qb8 16. Qf2 Bd8 17. Bd3 Bc7 18. Qh4 Ne5 19. Bb1 Ng6 20. Qf2 d5 21. g3 dxe4 22. Nxe4 Nxe4 23. fxe4 Ne5 24. Rf1 Re7 25. Qe2 Rd7 26. Rcd1 Rcd8 27. Rd2 Qa8 28. Rfd1 Bxe4 29. Bf4 Bxb1 30. Bxe5 Bxe5 31. Qxe5 Qe4 32. Qxe4 Bxe4 33. Kf2 e5 34. Ke3 Bb7 35. Nf5 Rxd2 36. Rxd2 Rxd2 37. Kxd2 Kf8 38. Ke3 Bc6 39. a3 Bd7 40. Nd6 Ke7 41. Ne4 f5 42. Nd2 g5 43. b4 Ke6 44. Nf3 h6 45. Nd2 Bc6 0-1